000 01200cab a2200253 4500
001 X2205
008 090401t1995 xxu||||| |||| 00| 0 eng d
035 _a(Sirsi) u22556
041 _aeng
245 _aPoole BC and Convoden Ltd
260 _c1995
350 _a0
490 _aPlanning Appeal Decisions
_v(1995) 10 PAD 148-159(12)
520 _a26-28 July 1994. Erection of 91 flats in five blocks - car parking - three parcels of land - 2m from town centre - on upper part of prominent ridge with steep slopes - prominent protected trees - earlier planning permissions - whether still extant - Structure and District plans - town map - draft Local plan - effect on character and appearance of surroundings and general setting of town - overlooking and overshadowing - quality of amentity for occupants - design and layout of roads footpaths - traffic impact - tree loss - water pressure. (Headnote from journal).
650 _aDISTRICT PLANS
650 _aLOCAL PLAN
650 _aPLANNING PERMISSION
650 _aPOOLE BC AND CONVODEN LTD
650 _aSTRUCTURE PLANS
650 _aTRAFFIC
690 _aPLANNING LAW AND PRACTICE-CASE LAW
942 _n0
948 _c04/03/1997
999 _c15116
_d15116